00321 2200133 4500245005000000020001600050100002100066650001000087005001900097260003500116041001400151084001300165336000900178 aCaptain Tsubasa Vol.2cYoichi TakahashihText a97892054650 aYoichi Takahashi aKomik a20240903070135 aJepangbShueisha Glénatc2002 aIndonesia a741.5592 atext